| 000 | 00388nam a22001337a 4500 | ||
|---|---|---|---|
| 082 |
_a624.1834 _bPAN _cL-37, P-47 |
||
| 100 |
_aPandit, Dr. G.S _943181 |
||
| 245 | _aTorsion in concrete structures | ||
| 260 |
_aIndia _bCBS Publishers & Distributors _c1991 |
||
| 300 |
_axxiii, 512 p. : _bill. : _c8 Cm |
||
| 526 |
_a0 _b0 _c0 _d624_183400000000000_PAN |
||
| 650 |
_aMCE _9379 |
||
| 942 |
_2ddc _cBK |
||
| 999 |
_c546979 _d546979 |
||